Statistics for Arctic Monkeys Lyrics - Knee Socks

Click here to take the quiz!

General Stats

  • This quiz has been taken 124 times
    (100 since last reset)
  • The average score is 370 of 462

Answer Stats

Lyrics% Correct
I
97%
You
97%
you
97%
a
96%
the
96%
The
96%
When
96%
clock
93%
knee
93%
Knee
93%
socks
93%
an
91%
An'
91%
and
91%
And
91%
in
91%
In
91%
on
91%
your
91%
around
90%
my
90%
24
89%
be
87%
blue
87%
-hour
87%
house
87%
know
87%
to
87%
wearin'
87%
afternoon
86%
afternoon,
86%
callin'
86%
number
86%
though
86%
walked
86%
zeros
86%
blocked
84%
even
84%
is
84%
light
84%
up
84%
who's
84%
zeros
83%
got
81%
line
81%
sky
81%
Lacoste
79%
lights
79%
night
77%
not
77%
were
77%
could
76%
(Could
76%
have
76%
of
76%
through
76%
are
74%
baby)
74%
baby
74%
it
74%
like
74%
Like
74%
me
74%
right
74%
all
73%
All
73%
cut
73%
mine
73%
That
73%
time
73%
knew
71%
might
71%
nothin'
71%
drawn
70%
gloom
70%
had
70%
kissin'
70%
lit
70%
long
70%
out
70%
rainy
70%
sittin'
70%
thought
70%
Tuesday
70%
with
70%
With
70%
you're
70%
blues
69%
corner
69%
January
69%
nights
69%
place
69%
queen
69%
tryin'
69%
alright
67%
beginning
67%
By
67%
'Cause
67%
do?
67%
high
67%
king
67%
lose
67%
stranger
67%
tongue
67%
very
67%
was
67%
Well,
67%
actin'
66%
fuse
66%
made
66%
been
64%
cured
64%
seat
64%
exceptionally
63%
feelin'
63%
Mean
63%
piled
63%
coats
61%
half
61%
small
61%
team
61%
world
61%
Yeah,
61%
cough
60%
Each
60%
funny
60%
phonebook
60%
room
60%
true
60%
what
60%
Ain't
59%
coloured
59%
comin'
59%
dreams
59%
drop
59%
Streets
59%
winter's
59%
full
57%
just
56%
you'll
56%
aren't
54%
late
54%
scruff
54%
always
53%
get
53%
swing
53%
ghost
51%
hold
51%
sweet
51%
boots
50%
knockin'
50%
spot
50%
didn't
49%
lettin'
49%
Never
49%
approve
47%
stopped
43%
lined
41%
number's
30%
But
29%
come
23%
you've
20%
suite
19%
undone
17%

Score Distribution

Percentile by Number Answered

Percent of People with Each Score

Your Score History

You have not taken this quiz since the last reset